| LEADER |
01096nam0a2200241 450 |
| 001 |
16839967 |
| 010 |
|
|
|a 978-2-09-222408-3
|b rel.
|d 15,5
|
| 100 |
|
|
|a 20160526d2026 u u0frey01 ba
|
| 101 |
1 |
|
|a fre
|c fre
|
| 102 |
|
|
|a FR
|
| 200 |
0 |
|
|a vérité sur l'affaire des trois petits cochons (La)
|f par L.E. Loup
|g témoignage recueilli par Jon Scieszka - ill. par Lane Smith - et trad. de l'américain par Gilles Lergen - témoignage recueilli par Jon Scieszka - ill. par Lane Smith - et trad. de l'américain par Gilles Lergen
|
| 207 |
|
1 |
|a
|
| 210 |
|
|
|a Paris
|b 9 rue Mechain.
|c Nathan
|d DL 2011
|
| 215 |
|
|
|a [32] p.
|c ill. en coul., couv. ill. en coul.
|d 28 cm
|
| 300 |
|
|
|a La couv. porte en plus : 'Gazette du loup'
|
| 330 |
|
|
|a La version de Léonard Eugène Loup sur l' affaire des trois petits cochons...
|
| 606 |
0 |
|
|a Contes détournés
|
| 700 |
|
0 |
|a Scieszka
|b Jon
|f 1954-....
|4 70
|
| 702 |
|
0 |
|a Smith
|b Lane
|f 1959-....
|4 440
|
| 702 |
|
0 |
|a Lergen
|b Gilles
|4 730
|
| 900 |
|
|
|a Album
|
| 901 |
|
|
|a Jeunesse
|
| 995 |
|
|
|a Médiathèque
|c Médiathèque
|f 089014713
|h 089014713
|k A SCI
|o p
|q j
|r az
|e Médiathèque
|